| 000 | 03271nam0a2200445 4500 | ||
|---|---|---|---|
| 001 | RU\NLR\BIBL_A\012688386 | ||
| 005 | 20220214122946.0 | ||
| 010 |
_a978-5-9500708-3-9 _9400 |
||
| 021 |
_aRU _bКН-П-21-064991 _9КН-П-21-5125 |
||
| 035 | _a(NLR Aleph) 012688386 | ||
| 035 | _a(RuMoRGB)010811331 | ||
| 090 |
_a12838566 _c12838566 |
||
| 100 | _a20220119d2021 u y0rusy50 ca | ||
| 101 | 0 |
_arus _ager |
|
| 102 | _aRU | ||
| 105 | _aa z 001zy | ||
| 181 | 0 |
_ai3 _baxxe |
|
| 182 | 0 | _an | |
| 200 | 1 |
_aСтраницы истории колонизационного проекта Екатерины II, 1763-1775 _dEinige Kapitel aus der Geschichte des Kolonisationprojekts von Katharina II, 1763-1775 _fАндреас Идт, Георгий Раушенбах _zger |
|
| 203 |
_aТекст _bвизуальный _cнепосредственный |
||
| 210 |
_aМосква _cНаука _d2021 |
||
| 215 |
_a711 с. _cил., табл. _d24 |
||
| 300 | _aАвт. также на нем. яз.: Andreas Idt, Georg Rauschenbach | ||
| 300 | _aТекст рус., нем. | ||
| 320 | _aБиблиогр.: с. 26-27 и в подстроч. примеч. | ||
| 320 | _aИмен. указ.: с. 615-660 | ||
| 330 | _aКнига посвящена истории переселения в Россию более тридцати тысяч иностранцев согласно манифестам Екатерины II 1762-1763 гг. В ее основу положены ранее неопубликованные документы из архивов России, Германии, Франции, Латвии, охватывающих период с 1763 по 1775 г. Документы российских дипломатов Симолина, Мусина-Пушкина, Голицына, Ребиндера, Корфа, Остермана, Долгорукова, вербовщиков Рапена, Рольвагена, Флорентина, Фюрерора, Монжу рассказывают о тысячах семей, отправившихся в Россию. В большинстве своем это переселенцы 1763-1765 гг., о которых до сих пор почти ничего не было известно. Книга представляет интерес как для историков, так и для генеалогов | ||
| 510 | 1 |
_6z20790 _aEinige Kapitel aus der Geschichte des Kolonisationprojekts von Katharina II, 1763-1775 _zger |
|
| 606 | 1 |
_aНемецкие колонии _xИстория _z18 в. _2nlr_sh2 _3RU\NLR\AUTH\6601663024 |
|
| 686 | 1 | _aТ3(2)464-273 | |
| 686 | 1 | _aТ3(29=Н)464,02 | |
| 700 | 1 |
_aИдт _bА. _gАндреас _3RU\NLR\AUTH\770147160 |
|
| 701 | 1 |
_aРаушенбах _bГ. В. _cисторик _gГеоргий Валентинович _3RU\NLR\AUTH\770147164 |
|
| 702 | 0 |
_aЕкатерина _cимператрица российская _dII _f1729-1796 _3RU\NLR\AUTH\772098 _4280 |
|
| 790 | 1 |
_6z20 _aIdt _bA. _gAndreas _3RU\NLR\AUTH\770147161 |
|
| 790 | 1 |
_6z20 _6z20510 _aRaušenbach _bG. V. _cисторик _gGeorgij Valentinovič _3RU\NLR\AUTH\770147165 |
|
| 942 | _cBOOK | ||
| 980 | _aNB | ||